000 00594nam a22001937a 4500
005 20250707113636.0
010 _aENG-145727
020 _a9788197328299
_c180.00
035 _aEN-129259
037 _bDBAD/
082 _a921
100 _aElampachamveetil Biju
_982655
245 _aServant of God Armand Mashavath Capuchin Charismatic Fragrance
_cEphrem Kunnappally
260 _bPavanatma Publishers Pvt. Ltd.
_aKozhikode
270 _aParayanchery, Kuthiravattam, Kozhikode-673016
300 _a135p.
_c21.2cm(pb)
700 _982641
942 _2ddc
_cEN
_h921
_mEla
999 _c212149
_d212149